000
00338nam a2200133Ia 4500
008
240624s9999 xx 000 0 und d
041
_a
eng
082
_a
658.4033 MIS
100
_a
MISHRA P N
245
_a
QUANTITATIVE TECHNIQUES FOR MANAGERS
260
_c
2001
_a
New Delhi
_b
Excel Books
300
_a
viii, : 496 : cm. ; 24
365
_c
RS
999
_c
2409
_d
2409